Every City in Louisiana on a Map - Statistics

General Stats
  • This quiz has been taken 469 times
  • The average score is 36 of 305
Answers on the Map
Answers color-coded by a green-red scale on the quiz's map according to % correct below.
 
Answer Stats
Name Population % Correct
New Orleans 362,701
98%
Baton Rouge 220,907
96%
Shreveport 176,578
88%
Lafayette 122,280
84%
Lake Charles 81,157
71%
Monroe 46,622
69%
Alexandria 43,133
63%
Houma 31,671
52%
Kenner 64,650
51%
Slidell 28,440
50%
Bossier City 63,218
48%
Ruston 22,330
41%
Hammond 23,426
40%
Natchitoches 17,165
40%
New Iberia 26,849
36%
Covington 11,686
30%
Washington 711
30%
Mandeville 12,973
29%
Sulphur 20,572
29%
Thibodaux 15,569
29%
West Monroe 12,476
28%
Gretna 17,185
26%
Opelousas 15,176
26%
Gonzales 13,837
25%
Jackson 3,932
25%
Morgan City 10,813
24%
Zachary 20,370
24%
Bogalusa 10,367
22%
Franklin 6,284
22%
DeRidder 9,508
21%
Central 30,161
20%
St. George 86,316
20%
Eunice 9,044
19%
Grambling 5,278
19%
Springfield 456
19%
Crowley 11,216
18%
Denham Springs 9,321
18%
Leesville 5,339
18%
Plaquemine 5,985
18%
Ponchatoula 7,735
18%
Abbeville 10,902
17%
Breaux Bridge 7,582
17%
Natchez 483
17%
Pineville 13,966
17%
Grand Isle 991
16%
Jennings 9,280
16%
Minden 11,195
16%
St. Francisville 1,484
16%
Baker 12,147
15%
Bastrop 8,922
15%
Broussard 15,312
15%
Carencro 12,883
15%
Donaldsonville 6,945
15%
Iowa 3,150
15%
Madisonville 875
15%
Port Allen 4,991
15%
Tallulah 5,677
15%
Ville Platte 6,148
15%
Youngsville 19,038
15%
Ferriday 2,995
14%
Livingston 1,980
14%
Many 2,470
14%
Marksville 4,805
14%
Winnfield 3,979
14%
Franklinton 3,592
13%
Jena 4,133
13%
Rayville 3,195
13%
Walker 6,402
13%
Zwolle 1,598
13%
Benton 2,099
12%
Clinton 1,297
12%
Coushatta 1,640
12%
DeQuincy 2,872
12%
Harahan 8,819
12%
Jonesboro 4,028
12%
Kentwood 2,195
12%
Mansfield 4,545
12%
New Roads 4,295
12%
Scott 9,468
12%
St. Martinville 5,229
12%
Vidalia 3,888
12%
Westlake 4,735
12%
Westwego 8,231
12%
Amite City 4,086
11%
Arcadia 2,579
11%
Bunkie 3,183
11%
Church Point 4,032
11%
Kinder 2,092
11%
Lake Providence 3,231
11%
Oakdale 6,490
11%
Pearl River 2,647
11%
Rayne 6,983
11%
Sun 399
11%
Vinton 3,108
11%
Winnsboro 4,602
11%
Abita Springs 2,752
10%
Addis 7,538
10%
Albany 1,247
10%
Columbia 266
10%
Delhi 2,534
10%
Erath 1,956
10%
Farmerville 3,375
10%
Greenwood 3,091
10%
Homer 2,563
10%
Kaplan 4,164
10%
Krotz Springs 875
10%
Mamou 2,817
10%
Oil City 866
10%
Bienville 185
9%
Brusly 2,591
9%
Clarks 1,034
9%
Duson 1,341
9%
Folsom 829
9%
French Settlement 1,152
9%
Golden Meadow 1,634
9%
Gramercy 2,719
9%
Haughton 4,574
9%
Hodge 371
9%
Independence 1,653
9%
Martin 501
9%
Napoleonville 506
9%
Oberlin 1,287
9%
Plain Dealing 876
9%
Port Barre 1,740
9%
Slaughter 989
9%
Springhill 4,485
9%
St. Gabriel 6,857
9%
Sunset 3,167
9%
Vivian 2,922
9%
Welsh 3,275
9%
White Castle 1,612
9%
Woodworth 1,749
9%
Ball 3,801
8%
Basile 1,186
8%
Blanchard 3,371
8%
Colfax 1,396
8%
Delcambre 1,773
8%
Delta 214
8%
Dry Prong 444
8%
Grosse Tete 538
8%
Gueydan 1,124
8%
Henderson 1,605
8%
Iota 1,257
8%
Jeanerette 4,557
8%
Lake Arthur 2,564
8%
Livonia 1,161
8%
Logansport 1,333
8%
Marion 601
8%
Maurice 3,071
8%
Merryville 949
8%
Montgomery 626
8%
Oak Grove 1,350
8%
Olla 1,294
8%
Patterson 5,614
8%
Port Vincent 697
8%
Rosepine 1,445
8%
St. Joseph 778
8%
Stonewall 2,525
8%
Tangipahoa 450
8%
Anacoco 802
7%
Angie 251
7%
Arnaudville 999
7%
Atlanta 152
7%
Berwick 4,495
7%
Clayton 545
7%
Cottonport 1,951
7%
Dixie Inn 278
7%
Dubach 902
7%
Elton 980
7%
Georgetown 274
7%
Greensburg 624
7%
Haynesville 1,906
7%
Jean Lafitte 1,815
7%
Jonesville 1,562
7%
Killian 1,253
7%
Lockport 2,351
7%
Lutcher 2,883
7%
Mansura 1,270
7%
Mooringsport 703
7%
Moreauville 937
7%
Morganza 501
7%
Parks 632
7%
Plaucheville 212
7%
Richmond 476
7%
Robeline 119
7%
Roseland 892
7%
Simmesport 1,410
7%
Sorrento 1,589
7%
Sterlington 2,557
7%
Tickfaw 685
7%
Waterproof 509
7%
Ashland 187
6%
Athens 229
6%
Baldwin 1,665
6%
Belcher 237
6%
Bernice 1,304
6%
Boyce 871
6%
Campti 873
6%
Cankton 580
6%
Cheneyville 441
6%
Choudrant 1,028
6%
Creola 283
6%
Doyline 649
6%
Elizabeth 409
6%
Estherwood 679
6%
Evergreen 208
6%
Florien 543
6%
Forest 285
6%
Forest Hill 613
6%
Gibsland 746
6%
Glenmora 1,034
6%
Grand Coteau 764
6%
Harrisonburg 262
6%
Hessmer 749
6%
Hosston 235
6%
Ida 209
6%
Jamestown 91
6%
Junction City 416
6%
Lecompte 823
6%
Loreauville 649
6%
Maringouin 821
6%
Mermentau 496
6%
Mer Rouge 454
6%
Montpelier 196
6%
Morse 598
6%
Mound 11
6%
Newellton 828
6%
Norwood 269
6%
Pine Prairie 1,559
6%
Pleasant Hill 607
6%
Pollock 395
6%
Provencal 509
6%
Quitman 158
6%
Reeves 221
6%
Richwood 3,809
6%
Ringgold 1,317
6%
Rodessa 184
6%
Sarepta 680
6%
Shongaloo 143
6%
Sibley 1,077
6%
Sicily Island 333
6%
Simpson 549
6%
Simsboro 807
6%
South Mansfield 340
6%
Tullos 302
6%
Turkey Creek 398
6%
Urania 1,127
6%
Varnado 318
6%
Vienna 477
6%
Wilson 359
6%
Baskin 208
5%
Bryceland 88
5%
Calvin 239
5%
Castor 224
5%
Chataignier 259
5%
Clarence 316
5%
Collinston 254
5%
Converse 377
5%
Cotton Valley 747
5%
Dodson 293
5%
Edgefield 187
5%
Epps 339
5%
Fenton 217
5%
Fisher 188
5%
Fordoche 863
5%
Gilbert 434
5%
Gilliam 117
5%
Goldonna 413
5%
Grand Cane 216
5%
Grayson 431
5%
Hall Summit 264
5%
Hornbeck 409
5%
Keachi 247
5%
Kilbourne 332
5%
Leonville 880
5%
Lisbon 164
5%
Lucky 242
5%
Mangham 607
5%
McNary 199
5%
Melville 740
5%
Mount Lebanon 63
5%
New Llano 2,064
5%
Noble 203
5%
North Hodge 290
5%
Oak Ridge 112
5%
Pioneer 152
5%
Powhatan 101
5%
Ridgecrest 539
5%
Rosedale 642
5%
Saline 257
5%
Stanley 130
5%
Wisner 744
5%
Bonita 160
4%
Chatham 480
4%
Cullen 680
4%
Downsville 113
4%
Dubberly 238
4%
East Hodge 200
4%
Eros 134
4%
Heflin 205
4%
Lillie 114
4%
Longstreet 120
4%
Palmetto 96
4%
Sikes 112
4%
Spearsville 121
4%
No matching quizzes found
Score Distribution
Percent of People with Each Score
Percentile by Number Answered
Your Score History
You have not taken this quiz